00300nam a2200109 a 450000500170000000800410001705000180005810000160007624500350009226000370012744000260016420140414131904.0100922s19uu xx 00 eng d aFICbM36 1989 aMartin, Ann aMallory and the mystery diary. aNew York :bScholastic ,c1989. aThe Baby-Sitters Club